<?xml version="1.0" encoding="UTF-8"?>
<record
    xmlns:xsi="http://www.w3.org/2001/XMLSchema-instance"
    xsi:schemaLocation="http://www.loc.gov/MARC21/slim http://www.loc.gov/standards/marcxml/schema/MARC21slim.xsd"
    xmlns="http://www.loc.gov/MARC21/slim">

  <leader>00313nam a2200133Ia 4500</leader>
  <controlfield tag="008">191201s2012    xx            000 0 und d</controlfield>
  <datafield tag="100" ind1=" " ind2=" ">
    <subfield code="a">ARORA, S C</subfield>
  </datafield>
  <datafield tag="245" ind1=" " ind2="0">
    <subfield code="a">Power Plant Engineering</subfield>
  </datafield>
  <datafield tag="250" ind1=" " ind2=" ">
    <subfield code="a">Rep</subfield>
  </datafield>
  <datafield tag="260" ind1=" " ind2=" ">
    <subfield code="c">2012</subfield>
    <subfield code="b">Dhanpat Rai Pub (P) Ltd</subfield>
    <subfield code="a">N. Delhi</subfield>
  </datafield>
  <datafield tag="300" ind1=" " ind2=" ">
    <subfield code="a">MISC</subfield>
  </datafield>
  <datafield tag="650" ind1=" " ind2=" ">
    <subfield code="a">ME</subfield>
  </datafield>
  <datafield tag="942" ind1=" " ind2=" ">
    <subfield code="2">ddc</subfield>
    <subfield code="c">BB</subfield>
  </datafield>
  <datafield tag="999" ind1=" " ind2=" ">
    <subfield code="c">7555</subfield>
    <subfield code="d">7555</subfield>
  </datafield>
  <datafield tag="952" ind1=" " ind2=" ">
    <subfield code="0">0</subfield>
    <subfield code="1">0</subfield>
    <subfield code="2">ddc</subfield>
    <subfield code="4">0</subfield>
    <subfield code="7">0</subfield>
    <subfield code="8">BTECHME</subfield>
    <subfield code="a">PIET</subfield>
    <subfield code="b">PIET</subfield>
    <subfield code="d">2012-09-27</subfield>
    <subfield code="e">IBH, New Delhi</subfield>
    <subfield code="g">500.00</subfield>
    <subfield code="k">12517</subfield>
    <subfield code="l">1</subfield>
    <subfield code="p">BB9558</subfield>
    <subfield code="r">2020-09-23 00:00:00</subfield>
    <subfield code="s">2020-02-24</subfield>
    <subfield code="w">2012-09-27</subfield>
    <subfield code="y">BB</subfield>
  </datafield>
  <datafield tag="952" ind1=" " ind2=" ">
    <subfield code="0">0</subfield>
    <subfield code="1">0</subfield>
    <subfield code="2">ddc</subfield>
    <subfield code="4">0</subfield>
    <subfield code="7">0</subfield>
    <subfield code="8">BTECHME</subfield>
    <subfield code="a">PIET</subfield>
    <subfield code="b">PIET</subfield>
    <subfield code="d">2012-09-27</subfield>
    <subfield code="e">IBH, New Delhi</subfield>
    <subfield code="g">500.00</subfield>
    <subfield code="k">12517</subfield>
    <subfield code="l">1</subfield>
    <subfield code="p">BB9559</subfield>
    <subfield code="r">2020-09-23 00:00:00</subfield>
    <subfield code="s">2020-02-24</subfield>
    <subfield code="w">2012-09-27</subfield>
    <subfield code="y">BB</subfield>
  </datafield>
  <datafield tag="952" ind1=" " ind2=" ">
    <subfield code="0">0</subfield>
    <subfield code="1">0</subfield>
    <subfield code="2">ddc</subfield>
    <subfield code="4">0</subfield>
    <subfield code="7">0</subfield>
    <subfield code="8">BTECHME</subfield>
    <subfield code="a">PIET</subfield>
    <subfield code="b">PIET</subfield>
    <subfield code="d">2012-09-27</subfield>
    <subfield code="e">IBH, New Delhi</subfield>
    <subfield code="g">500.00</subfield>
    <subfield code="k">12517</subfield>
    <subfield code="l">1</subfield>
    <subfield code="p">BB9560</subfield>
    <subfield code="r">2022-02-11 00:00:00</subfield>
    <subfield code="s">2020-02-25</subfield>
    <subfield code="w">2012-09-27</subfield>
    <subfield code="y">BB</subfield>
  </datafield>
  <datafield tag="952" ind1=" " ind2=" ">
    <subfield code="0">0</subfield>
    <subfield code="1">0</subfield>
    <subfield code="2">ddc</subfield>
    <subfield code="4">0</subfield>
    <subfield code="7">0</subfield>
    <subfield code="8">BTECHME</subfield>
    <subfield code="a">PIET</subfield>
    <subfield code="b">PIET</subfield>
    <subfield code="d">2012-09-27</subfield>
    <subfield code="e">IBH, New Delhi</subfield>
    <subfield code="g">500.00</subfield>
    <subfield code="k">12517</subfield>
    <subfield code="l">1</subfield>
    <subfield code="p">BB9561</subfield>
    <subfield code="r">2021-01-22 00:00:00</subfield>
    <subfield code="s">2020-02-25</subfield>
    <subfield code="w">2012-09-27</subfield>
    <subfield code="y">BB</subfield>
  </datafield>
  <datafield tag="952" ind1=" " ind2=" ">
    <subfield code="0">0</subfield>
    <subfield code="1">0</subfield>
    <subfield code="2">ddc</subfield>
    <subfield code="4">0</subfield>
    <subfield code="7">0</subfield>
    <subfield code="8">BTECHME</subfield>
    <subfield code="a">PIET</subfield>
    <subfield code="b">PIET</subfield>
    <subfield code="d">2012-09-27</subfield>
    <subfield code="e">IBH, New Delhi</subfield>
    <subfield code="g">500.00</subfield>
    <subfield code="k">12517</subfield>
    <subfield code="l">1</subfield>
    <subfield code="p">BB9562</subfield>
    <subfield code="r">2020-09-21 00:00:00</subfield>
    <subfield code="s">2020-02-24</subfield>
    <subfield code="w">2012-09-27</subfield>
    <subfield code="y">BB</subfield>
  </datafield>
  <datafield tag="952" ind1=" " ind2=" ">
    <subfield code="0">0</subfield>
    <subfield code="1">0</subfield>
    <subfield code="2">ddc</subfield>
    <subfield code="4">0</subfield>
    <subfield code="7">0</subfield>
    <subfield code="8">BTECHME</subfield>
    <subfield code="a">PIET</subfield>
    <subfield code="b">PIET</subfield>
    <subfield code="d">2012-09-27</subfield>
    <subfield code="e">IBH, New Delhi</subfield>
    <subfield code="g">500.00</subfield>
    <subfield code="k">12517</subfield>
    <subfield code="l">0</subfield>
    <subfield code="p">BB9563</subfield>
    <subfield code="r">2019-12-04 00:00:00</subfield>
    <subfield code="w">2012-09-27</subfield>
    <subfield code="y">BB</subfield>
  </datafield>
  <datafield tag="952" ind1=" " ind2=" ">
    <subfield code="0">0</subfield>
    <subfield code="1">0</subfield>
    <subfield code="2">ddc</subfield>
    <subfield code="4">0</subfield>
    <subfield code="7">0</subfield>
    <subfield code="8">BTECHME</subfield>
    <subfield code="a">PIET</subfield>
    <subfield code="b">PIET</subfield>
    <subfield code="d">2012-09-27</subfield>
    <subfield code="e">IBH, New Delhi</subfield>
    <subfield code="g">500.00</subfield>
    <subfield code="k">12517</subfield>
    <subfield code="l">2</subfield>
    <subfield code="p">BB9564</subfield>
    <subfield code="r">2021-08-04 00:00:00</subfield>
    <subfield code="s">2021-04-05</subfield>
    <subfield code="w">2012-09-27</subfield>
    <subfield code="y">BB</subfield>
  </datafield>
  <datafield tag="952" ind1=" " ind2=" ">
    <subfield code="0">0</subfield>
    <subfield code="1">0</subfield>
    <subfield code="2">ddc</subfield>
    <subfield code="4">0</subfield>
    <subfield code="7">0</subfield>
    <subfield code="8">BTECHME</subfield>
    <subfield code="a">PIET</subfield>
    <subfield code="b">PIET</subfield>
    <subfield code="d">2012-09-27</subfield>
    <subfield code="e">IBH, New Delhi</subfield>
    <subfield code="g">500.00</subfield>
    <subfield code="k">12517</subfield>
    <subfield code="l">0</subfield>
    <subfield code="p">BB9565</subfield>
    <subfield code="r">2019-12-04 00:00:00</subfield>
    <subfield code="w">2012-09-27</subfield>
    <subfield code="y">BB</subfield>
  </datafield>
</record>
